Tìm hiểu phong cách Nguyễn Du trong truyện Kiều

Gespeichert in:
Bibliographische Detailangaben
1. Verfasser: Phan Ngọc
Format: Buch
Sprache:Undetermined
Veröffentlicht: Hà Nội Thanh Niên 2001
Schlagworte:
Tags: Tag hinzufügen
Keine Tags, Fügen Sie den ersten Tag hinzu!
Thư viện lưu trữ: Trung tâm Học liệu Trường Đại học Cần Thơ
LEADER 00521nam a2200169Ia 4500
001 CTU_44139
008 210402s9999 xx 000 0 und d
082 |a 895.922109 
082 |b Ng419 
100 |a Phan Ngọc 
245 0 |a Tìm hiểu phong cách Nguyễn Du trong truyện Kiều 
245 0 |c Phan Ngọc 
260 |a Hà Nội 
260 |b Thanh Niên 
260 |c 2001 
650 |a kieu story,vietnamese poetry - history and criticism 
980 |a Trung tâm Học liệu Trường Đại học Cần Thơ